00267pam a2200109 a 4500020002000000041000500020082001500025100002700040245004000067260004200107300000800149 a0-470-85052-3c h a519.5bOAK aDUFFY, NEILL/HOOPR,JO. aPASSION BRANDINGhTextual Documents aUSAbJOHN WILEYL AND SONS, INC.c2003 a249